000
00336nam a2200133Ia 4500
008
240624s9999 xx 000 0 und d
041
_a
eng
082
_a
004.6 BUR
100
_a
BURNS KEVIN
245
_a
TCP IP ANALYSIS AND TROUBLESHOOTING TOOL
260
_c
2003
_a
New Delhi
_b
Wiley Dreamtech India
300
_a
xii, : 412
365
_c
RS
999
_c
931
_d
931